[Event "6th Ferdowsi International Chess Open Tournament"]
[Site "Mashhad"]
[Date "2016.02.01"]
[Round "5"]
[Board "9"]
[White "Mosadeghpour, Masoud"]
[Black "Ansar Jaafari, Abbas"]
[Result "1-0"]
[WhiteElo "2475"]
[BlackElo "2066"]
[PlyCount "0"]
[EventDate "2016.01.29"]
[EventRounds "9"]
[EventCountry "IRI"]

1. Nf3 {[%clk 1:26:18]} Nc6 {[%clk 1:30:52]} 2. e4 {[%clk 1:26:32]} d6
{[%clk 1:29:44]} 3. d4 {[%clk 1:26:29]} Nf6 {[%clk 1:30:00]} 4. Nc3
{[%clk 1:26:46]} Bg4 {[%clk 1:28:13]} 5. d5 {[%clk 1:24:49]} Ne5 {[%clk 1:21:52]}
6. Bb5+ Ned7 {[%clk 1:21:07]} 7. h3 {[%clk 1:21:25]} Bxf3 {[%clk 1:20:50]} 8.
Qxf3 {[%clk 1:21:46]} a6 {[%clk 1:20:55]} 9. Be2 {[%clk 1:22:14]} g6
{[%clk 1:19:45]} 10. g4 h5 {[%clk 1:12:21]} 11. g5 {[%clk 1:22:10]} Nh7
{[%clk 1:12:10]} 12. Qg2 {[%clk 1:22:14]} Bg7 {[%clk 1:12:09]} 13. f4
{[%clk 1:22:24]} c6 {[%clk 1:09:36]} 14. O-O {[%clk 1:15:52]} Qb6+
{[%clk 1:02:13]} 15. Kh1 {[%clk 1:14:49]} O-O-O {[%clk 1:00:45]} 16. dxc6
{[%clk 1:14:40]} bxc6 {[%clk 1:00:22]} 17. Qf3 {[%clk 1:11:36]} Nb8
{[%clk 0:54:52]} 18. Be3 {[%clk 1:07:16]} Bd4 {[%clk 0:52:38]} 19. Na4
{[%clk 1:07:44]} Qa7 {[%clk 0:52:47]} 20. Bxd4 {[%clk 1:07:52]} Qxd4
{[%clk 0:53:01]} 21. c4 {[%clk 1:08:20]} Nf8 {[%clk 0:50:20]} 22. Rad1
{[%clk 1:03:03]} Qa7 {[%clk 0:50:05]} 23. c5 {[%clk 1:03:29]} Ne6
{[%clk 0:45:34]} 24. Bc4 {[%clk 1:03:57]} Rhf8 {[%clk 0:44:37]} 25. b4
{[%clk 0:57:01]} Nc7 {[%clk 0:26:37]} 26. Qb3 {[%clk 0:54:49]} f6
{[%clk 0:21:11]} 27. gxf6 {[%clk 0:55:12]} Rxf6 {[%clk 0:20:16]} 28. e5
{[%clk 0:55:41]} Rff8 {[%clk 0:20:02]} 29. cxd6 {[%clk 0:54:56]} exd6
{[%clk 0:20:22]} 30. exd6 {[%clk 0:55:10]} Nb5 {[%clk 0:20:05]} 31. Nc5
{[%clk 0:53:59]} Rxd6 {[%clk 0:11:25]} 32. Bxb5 {[%clk 0:54:20]} Rxd1
{[%clk 0:11:53]} 33. Rxd1 {[%clk 0:54:32]} 1-0

[Event "6th Ferdowsi International Chess Open Tournament"]
[Site "Mashhad"]
[Date "2016.02.01"]
[Round "5"]
[Board "10"]
[White "Khodashenas, Mersad"]
[Black "Abedi, Pouria"]
[Result "1-0"]
[WhiteElo "2393"]
[BlackElo "1994"]
[PlyCount "0"]
[EventDate "2016.01.29"]
[EventRounds "9"]
[EventCountry "IRI"]

1. e4 {[%clk 1:30:09]} c5 {[%clk 1:30:04]} 2. Nf3 {[%clk 1:30:29]} e6
{[%clk 1:30:28]} 3. d4 {[%clk 1:30:55]} cxd4 {[%clk 1:30:52]} 4. Nxd4
{[%clk 1:31:22]} a6 {[%clk 1:31:14]} 5. Nc3 {[%clk 1:31:46]} Qc7 {[%clk 1:31:39]}
6. f4 {[%clk 1:32:13]} b5 {[%clk 1:30:22]} 7. Bd3 {[%clk 1:32:32]} Nf6
{[%clk 1:23:10]} 8. Qe2 {[%clk 1:32:24]} d6 {[%clk 1:22:32]} 9. Bd2
{[%clk 1:32:44]} b4 {[%clk 1:14:07]} 10. Nd1 e5 {[%clk 1:13:11]} 11. Nf3
{[%clk 1:30:17]} Nc6 {[%clk 1:12:24]} 12. Ne3 Be6 {[%clk 0:58:21]} 13. f5
{[%clk 1:26:44]} Bc8 {[%clk 0:57:54]} 14. g4 {[%clk 1:26:54]} h6 {[%clk 0:57:37]}
15. h4 {[%clk 1:25:51]} Bb7 {[%clk 0:48:40]} 16. O-O-O {[%clk 1:25:03]} Ne7
{[%clk 0:47:41]} 17. Bxb4 {[%clk 1:23:59]} Bxe4 {[%clk 0:45:26]} 18. Bxd6
{[%clk 1:16:48]} Qb7 {[%clk 0:43:03]} 19. Bxe4 {[%clk 1:00:31]} Qxe4
{[%clk 0:43:21]} 20. Bxe5 {[%clk 0:58:57]} Nxg4 {[%clk 0:42:27]} 21. Nd5
{[%clk 0:59:25]} Qxd5 {[%clk 0:40:59]} 22. Rxd5 {[%clk 0:59:38]} 1-0

[Event "6th Ferdowsi International Chess Open Tournament"]
[Site "Mashhad"]
[Date "2016.02.01"]
[Round "5"]
[Board "11"]
[White "Grabliauskas, Virginijus"]
[Black "Haratinejad, Ehsan"]
[Result "1-0"]
[WhiteElo "2322"]
[BlackElo "1984"]
[PlyCount "0"]
[EventDate "2016.01.29"]
[EventRounds "9"]
[EventCountry "IRI"]

1. Nf3 {[%clk 1:30:48]} d5 {[%clk 1:30:36]} 2. d4 {[%clk 1:30:58]} Nf6
{[%clk 1:30:01]} 3. c4 {[%clk 1:31:22]} e6 {[%clk 1:29:57]} 4. g3
{[%clk 1:31:31]} Bb4+ {[%clk 1:25:10]} 5. Bd2 {[%clk 1:31:48]} Bxd2+
{[%clk 1:25:10]} 6. Qxd2 {[%clk 1:31:00]} Ne4 {[%clk 1:14:29]} 7. Qc2
{[%clk 1:30:36]} Nd7 {[%clk 1:14:28]} 8. Bg2 {[%clk 1:30:24]} O-O
{[%clk 1:12:39]} 9. O-O f5 {[%clk 0:53:10]} 10. Nc3 {[%clk 1:25:12]} c6
{[%clk 0:53:00]} 11. b4 {[%clk 1:25:18]} g5 {[%clk 0:40:27]} 12. Rad1
{[%clk 1:03:26]} Qf6 {[%clk 0:37:32]} 13. b5 {[%clk 1:00:18]} g4 {[%clk 0:36:30]}
14. Ne1 {[%clk 0:59:28]} Nb6 {[%clk 0:32:41]} 15. c5 {[%clk 0:50:52]} Nxc3
{[%clk 0:28:42]} 16. Qxc3 {[%clk 0:49:04]} Na4 {[%clk 0:25:44]} 17. Qb3
{[%clk 0:38:10]} cxb5 {[%clk 0:26:03]} 18. f3 {[%clk 0:34:11]} h5
{[%clk 0:23:02]} 19. fxg4 {[%clk 0:30:52]} hxg4 {[%clk 0:23:18]} 20. Rf4
{[%clk 0:28:52]} Kg7 {[%clk 0:20:42]} 21. Nd3 {[%clk 0:27:23]} Bd7
{[%clk 0:12:22]} 22. Ne5 {[%clk 0:24:59]} Qe7 {[%clk 0:11:39]} 23. Rdf1
{[%clk 0:17:42]} Bc6 {[%clk 0:07:19]} 24. Qc2 {[%clk 0:10:05]} Qg5
{[%clk 0:06:56]} 25. Qd2 {[%clk 0:07:58]} Kf6 {[%clk 0:02:26]} 26. Qa5
{[%clk 0:05:55]} Rac8 {[%clk 0:01:50]} 27. Rxg4 {[%clk 0:05:06]} Qe3+
{[%clk 0:01:55]} 28. Kh1 {[%clk 0:05:03]} Rh8 29. Rg6+ {[%clk 0:03:31]} Ke7
{[%clk 0:01:30]} 30. Rg7+ {[%clk 0:03:23]} Kf8 {[%clk 0:01:05]} 31. Rc7
{[%clk 0:02:52]} Rxc7 {[%clk 0:00:56]} 32. Qxc7 {[%clk 0:03:14]} Be8
{[%clk 0:01:04]} 33. Qd6+ {[%clk 0:03:20]} Kg7 {[%clk 0:01:25]} 34. Qe7+
{[%clk 0:03:39]} Kh6 {[%clk 0:00:55]} 35. Qxe6+ {[%clk 0:03:53]} Kg7
{[%clk 0:01:22]} 36. Qe7+ {[%clk 0:04:01]} Kh6 {[%clk 0:01:39]} 37. Ng4+
{[%clk 0:03:18]} fxg4 {[%clk 0:01:13]} 38. Qxe3+ {[%clk 0:03:40]} 1-0

[Event "6th Ferdowsi International Chess Open Tournament"]
[Site "Mashhad"]
[Date "2016.02.01"]
[Round "5"]
[Board "12"]
[White "Hejrati, Mohammad Mahdi"]
[Black "Bagheri, Maziar"]
[Result "0-1"]
[WhiteElo "1967"]
[BlackElo "2262"]
[PlyCount "0"]
[EventDate "2016.01.29"]
[EventRounds "9"]
[EventCountry "IRI"]

1. e4 {[%clk 1:30:21]} e5 {[%clk 1:24:36]} 2. Nf3 {[%clk 1:30:42]} Nc6
{[%clk 1:24:53]} 3. Bc4 {[%clk 1:30:22]} Nf6 {[%clk 1:25:10]} 4. d3
{[%clk 1:28:45]} Be7 {[%clk 1:25:23]} 5. Nc3 {[%clk 1:25:53]} d6 {[%clk 1:25:27]}
6. h3 {[%clk 1:26:01]} Be6 {[%clk 1:24:56]} 7. Bb3 {[%clk 1:25:35]} O-O
{[%clk 1:22:56]} 8. O-O {[%clk 1:25:58]} Qd7 9. Bg5 {[%clk 1:24:50]} h6
{[%clk 1:18:40]} 10. Bxf6 {[%clk 1:25:16]} Bxf6 {[%clk 1:19:06]} 11. Nd5
{[%clk 1:25:38]} Bd8 {[%clk 1:19:11]} 12. c3 Ne7 {[%clk 1:12:32]} 13. Nxe7+
{[%clk 1:24:44]} Bxe7 {[%clk 1:12:02]} 14. d4 {[%clk 1:23:39]} exd4
{[%clk 1:11:00]} 15. Nxd4 {[%clk 1:23:57]} Bxb3 {[%clk 1:10:55]} 16. Qxb3
{[%clk 1:24:11]} Rfb8 {[%clk 1:10:32]} 17. Rad1 {[%clk 1:18:51]} Bf8
{[%clk 1:09:16]} 18. Rfe1 {[%clk 1:17:48]} c6 {[%clk 1:08:37]} 19. e5
{[%clk 1:14:57]} dxe5 {[%clk 1:07:49]} 20. Nf3 {[%clk 1:15:18]} Qc7
{[%clk 1:08:01]} 21. Nxe5 {[%clk 1:14:58]} Rd8 {[%clk 1:08:20]} 22. Rd4
{[%clk 0:57:52]} Rxd4 {[%clk 1:05:48]} 23. cxd4 {[%clk 0:58:21]} Rd8
{[%clk 1:05:56]} 24. Re4 {[%clk 0:57:14]} Bd6 {[%clk 1:03:41]} 25. Qe3
{[%clk 0:31:32]} Re8 {[%clk 0:51:52]} 26. Nc4 {[%clk 0:29:47]} Rxe4
{[%clk 0:51:51]} 27. Qxe4 {[%clk 0:30:15]} Be7 {[%clk 0:51:16]} 28. Ne3
{[%clk 0:26:22]} g6 {[%clk 0:48:59]} 29. g3 {[%clk 0:22:55]} Bg5 {[%clk 0:45:55]}
30. h4 {[%clk 0:21:41]} Bxe3 {[%clk 0:44:21]} 31. Qxe3 {[%clk 0:22:10]} h5
{[%clk 0:44:34]} 32. Qe8+ {[%clk 0:20:39]} Kg7 {[%clk 0:43:45]} 33. a3
{[%clk 0:18:02]} Kf6 {[%clk 0:40:56]} 34. Qe4 {[%clk 0:17:28]} Qd6
{[%clk 0:38:40]} 35. Kg2 {[%clk 0:17:47]} Qd5 {[%clk 0:35:15]} 36. Qxd5
{[%clk 0:14:07]} cxd5 {[%clk 0:36:06]} 37. f3 {[%clk 0:08:52]} Kf5
{[%clk 0:35:47]} 38. Kf2 {[%clk 0:09:03]} f6 {[%clk 0:34:06]} 39. Kg2
{[%clk 0:01:59]} g5 {[%clk 0:21:30]} 40. hxg5 {[%clk 0:02:28]} fxg5
{[%clk 0:21:29]} 41. Kh3 {[%clk 0:02:44]} h4 {[%clk 0:19:27]} 42. Kg2
{[%clk 0:01:20]} hxg3 {[%clk 0:19:42]} 43. Kxg3 {[%clk 0:01:30]} a6
{[%clk 0:19:56]} 44. a4 {[%clk 0:00:36]} a5 {[%clk 0:20:20]} 45. b3
{[%clk 0:01:01]} b6 {[%clk 0:20:49]} 46. Kg2 {[%clk 0:00:42]} Kf4
{[%clk 0:21:18]} 47. Kf2 {[%clk 0:01:01]} g4 {[%clk 0:21:46]} 48. fxg4
{[%clk 0:01:11]} Kxg4 {[%clk 0:22:15]} 49. Ke3 {[%clk 0:00:33]} Kg3
{[%clk 0:22:43]} 50. Ke2 {[%clk 0:00:35]} Kf4 {[%clk 0:23:11]} 51. Kd3
{[%clk 0:00:54]} Kf3 {[%clk 0:23:40]} 52. Kd2 {[%clk 0:01:06]} Ke4
{[%clk 0:24:08]} 53. Kc3 {[%clk 0:01:28]} Ke3 {[%clk 0:24:32]} 54. b4
{[%clk 0:01:52]} Ke4 {[%clk 0:24:58]} 0-1

[Event "6th Ferdowsi International Chess Open Tournament"]
[Site "Mashhad"]
[Date "2016.02.02"]
[Round "6"]
[Board "1"]
[White "Maletin, Pavel"]
[Black "Zubarev, Alexander"]
[Result "1/2-1/2"]
[WhiteElo "2580"]
[BlackElo "2553"]
[PlyCount "0"]
[EventDate "2016.01.29"]
[EventRounds "9"]
[EventCountry "IRI"]

1. Nf3 {[%clk 1:30:57]} Nf6 {[%clk 1:29:41]} 2. c4 {[%clk 1:31:17]} e6
{[%clk 1:29:44]} 3. g3 {[%clk 1:31:34]} b6 {[%clk 1:30:08]} 4. Bg2
{[%clk 1:31:52]} Bb7 {[%clk 1:30:30]} 5. d4 {[%clk 1:29:19]} Be7 {[%clk 1:29:07]}
6. O-O {[%clk 1:29:06]} O-O {[%clk 1:29:30]} 7. d5 {[%clk 1:26:27]} Na6
{[%clk 1:28:53]} 8. Nc3 {[%clk 1:26:02]} Bb4 {[%clk 1:28:52]} 9. Bd2
{[%clk 1:12:03]} Nc5 {[%clk 1:21:09]} 10. Ne1 {[%clk 1:09:26]} a5
{[%clk 1:17:04]} 11. Nc2 {[%clk 1:04:22]} Bxc3 {[%clk 1:07:34]} 12. Bxc3
{[%clk 1:04:39]} d6 {[%clk 1:07:14]} 13. Ne3 {[%clk 0:57:40]} Nfe4
{[%clk 0:51:26]} 14. Be1 {[%clk 0:54:44]} exd5 {[%clk 0:49:15]} 15. Nxd5
{[%clk 0:54:44]} f5 {[%clk 0:45:44]} 16. Qc2 {[%clk 0:46:27]} Qd7
{[%clk 0:43:29]} 17. Rd1 {[%clk 0:46:33]} Rae8 {[%clk 0:42:01]} 18. e3
{[%clk 0:46:37]} Nf6 {[%clk 0:40:21]} 19. Bc3 {[%clk 0:44:18]} Nxd5 20. cxd5
{[%clk 0:44:36]} Ne4 {[%clk 0:38:52]} 21. b3 {[%clk 0:43:32]} Qb5
{[%clk 0:26:59]} 22. Ba1 {[%clk 0:38:00]} Re7 {[%clk 0:25:25]} 23. f3
{[%clk 0:35:06]} Qc5 {[%clk 0:16:30]} 24. Qxc5 {[%clk 0:33:16]} Nxc5
{[%clk 0:16:55]} 25. Bd4 {[%clk 0:30:34]} Nd7 {[%clk 0:15:27]} 26. e4
{[%clk 0:28:19]} Ba6 {[%clk 0:13:56]} 27. Rf2 {[%clk 0:21:11]} fxe4
{[%clk 0:11:13]} 28. fxe4 {[%clk 0:21:35]} Rxf2 {[%clk 0:10:48]} 29. Kxf2
{[%clk 0:21:29]} Nf6 {[%clk 0:10:26]} 30. Bxf6 {[%clk 0:21:09]} gxf6
{[%clk 0:09:56]} 31. g4 {[%clk 0:20:43]} Bc8 {[%clk 0:09:16]} 32. Bf3
{[%clk 0:20:31]} Rg7 {[%clk 0:08:54]} 33. h3 {[%clk 0:19:15]} Kf8
{[%clk 0:08:19]} 34. Rc1 {[%clk 0:18:52]} Ke8 {[%clk 0:08:35]} 35. Be2
{[%clk 0:18:25]} Kd8 {[%clk 0:08:51]} 36. Rc3 {[%clk 0:18:40]} Bd7
{[%clk 0:08:49]} 37. a3 {[%clk 0:18:12]} Be8 {[%clk 0:05:05]} 38. b4
{[%clk 0:16:14]} axb4 {[%clk 0:05:20]} 39. axb4 {[%clk 0:16:41]} Bg6
{[%clk 0:05:30]} 40. Ke3 {[%clk 0:13:19]} Re7 {[%clk 0:05:52]} 41. Bd3
{[%clk 0:13:28]} Ke8 {[%clk 0:05:52]} 42. Kf4 {[%clk 0:13:49]} Kf7
{[%clk 0:05:42]} 43. h4 {[%clk 0:11:42]} h5 {[%clk 0:05:33]} 44. gxh5
{[%clk 0:11:39]} Bxh5 {[%clk 0:06:01]} 45. Rc1 {[%clk 0:12:04]} Bg6
{[%clk 0:05:20]} 46. Rc2 {[%clk 0:12:03]} Kg7 {[%clk 0:05:07]} 47. Rg2
{[%clk 0:11:20]} Re5 {[%clk 0:05:11]} 48. Rc2 {[%clk 0:10:00]} Re7
{[%clk 0:05:35]} 49. Rc1 {[%clk 0:09:33]} Kf7 {[%clk 0:05:22]} 50. Ra1
{[%clk 0:08:50]} Re5 {[%clk 0:05:01]} 51. Rg1 {[%clk 0:08:24]} Kg7
{[%clk 0:05:11]} 52. Ke3 {[%clk 0:05:45]} Kh6 {[%clk 0:04:17]} 53. Kd4
{[%clk 0:05:34]} Bf7 {[%clk 0:03:07]} 54. Rc1 {[%clk 0:05:40]} Re7
{[%clk 0:03:32]} 55. Rf1 {[%clk 0:05:04]} Kg7 {[%clk 0:03:53]} 56. Ba6
{[%clk 0:03:55]} Bg6 {[%clk 0:03:47]} 57. Rf4 {[%clk 0:04:11]} Re8
{[%clk 0:03:22]} 58. Bb5 {[%clk 0:03:49]} Re7 {[%clk 0:03:46]} 59. Bf1
{[%clk 0:02:21]} Be8 {[%clk 0:00:45]} 60. Bh3 {[%clk 0:01:54]} Re5
{[%clk 0:00:56]} 61. Bf5 {[%clk 0:01:37]} Bf7 {[%clk 0:00:53]} 62. Rf2
{[%clk 0:01:47]} Kh6 {[%clk 0:00:58]} 63. Rg2 {[%clk 0:01:21]} Re7
{[%clk 0:00:46]} 64. Rf2 {[%clk 0:00:38]} Re5 {[%clk 0:01:10]} 65. Rf1
{[%clk 0:01:02]} Kg7 {[%clk 0:01:16]} 66. Rc1 {[%clk 0:01:07]} Re7
{[%clk 0:01:15]} 67. Ra1 {[%clk 0:01:00]} Kh6 {[%clk 0:01:13]} 68. Ra8
{[%clk 0:01:28]} Re8 {[%clk 0:01:22]} 69. Ra3 {[%clk 0:01:23]} Re5
{[%clk 0:01:36]} 70. Rc3 {[%clk 0:01:33]} Re7 {[%clk 0:02:01]} 71. Rc1
{[%clk 0:01:29]} Kg7 {[%clk 0:02:22]} 72. Rc2 {[%clk 0:00:48]} Kh6
{[%clk 0:02:48]} 73. Bg4 {[%clk 0:00:48]} Kg7 {[%clk 0:01:54]} 74. h5
{[%clk 0:00:47]} Kh6 {[%clk 0:02:02]} 75. Rf2 {[%clk 0:01:02]} Kg5
{[%clk 0:01:27]} 76. Bd1 {[%clk 0:00:55]} Re5 {[%clk 0:01:40]} 77. Rg2+
{[%clk 0:00:45]} Kh6 {[%clk 0:02:03]} 78. Rc2 {[%clk 0:00:58]} Re7
{[%clk 0:02:22]} 79. Rf2 {[%clk 0:01:20]} Kg7 {[%clk 0:02:41]} 80.

[Event "6th Ferdowsi International Chess Open Tournament"]
[Site "Mashhad"]
[Date "2016.02.02"]
[Round "6"]
[Board "3"]
[White "Chigaev, Maksim"]
[Black "Darini, Pouria"]
[Result "1-0"]
[WhiteElo "2526"]
[BlackElo "2474"]
[PlyCount "0"]
[EventDate "2016.01.29"]
[EventRounds "9"]
[EventCountry "IRI"]

1. e4 c5 2. Be2 d6 {[%clk 1:22:40]} 3. f4 {[%clk 1:31:20]} Nc6 {[%clk 1:22:13]}
4. Nf3 {[%clk 1:31:43]} g6 {[%clk 1:22:07]} 5. O-O {[%clk 1:32:04]} Bg7
{[%clk 1:22:36]} 6. c3 {[%clk 1:32:00]} Nf6 {[%clk 1:18:40]} 7. d3
{[%clk 1:32:24]} O-O {[%clk 1:18:46]} 8. Kh1 {[%clk 1:32:48]} c4 {[%clk 1:11:49]}
9. Na3 {[%clk 1:29:32]} cxd3 {[%clk 1:08:46]} 10. Bxd3 {[%clk 1:29:56]} b6
{[%clk 0:58:42]} 11. Qe2 {[%clk 1:28:01]} e5 {[%clk 0:48:25]} 12. fxe5
{[%clk 1:15:43]} dxe5 {[%clk 0:48:53]} 13. Bg5 {[%clk 1:09:53]} h6
{[%clk 0:45:26]} 14. Bxf6 {[%clk 1:04:09]} Qxf6 {[%clk 0:40:19]} 15. Nc4
{[%clk 1:03:54]} Qe7 {[%clk 0:29:31]} 16. Ne3 {[%clk 1:03:54]} Be6
{[%clk 0:30:00]} 17. Bc4 {[%clk 1:03:23]} Rac8 {[%clk 0:24:56]} 18. Bb3
{[%clk 0:58:35]} Na5 {[%clk 0:20:59]} 19. Bd5 {[%clk 0:58:35]} Nb7
{[%clk 0:20:43]} 20. Nd2 {[%clk 0:48:01]} Nd6 {[%clk 0:15:02]} 21. Ndc4
{[%clk 0:47:02]} Nxc4 {[%clk 0:14:18]} 22. Bxc4 {[%clk 0:47:26]} Bxc4
{[%clk 0:10:51]} 23. Nxc4 {[%clk 0:47:50]} f5 {[%clk 0:11:17]} 24. Ne3
{[%clk 0:39:51]} f4 {[%clk 0:09:12]} 25. Nd5 {[%clk 0:40:14]} Qe6
{[%clk 0:09:41]} 26. a4 {[%clk 0:38:48]} Rf7 {[%clk 0:06:17]} 27. a5
{[%clk 0:37:51]} g5 {[%clk 0:03:27]} 28. axb6 {[%clk 0:36:54]} axb6
{[%clk 0:03:56]} 29. Ra6 {[%clk 0:36:20]} Rb8 {[%clk 0:04:22]} 30. Qf2
{[%clk 0:31:22]} Qg6 {[%clk 0:01:51]} 31. Rxb6 {[%clk 0:26:00]} Rxb6
{[%clk 0:02:15]} 32. Qxb6 {[%clk 0:26:25]} Qxe4 {[%clk 0:00:54]} 33. Qe6
{[%clk 0:26:50]} Qd3 {[%clk 0:00:31]} 34. Ra1 {[%clk 0:26:52]} Bf8
{[%clk 0:00:36]} 35. Nf6+ {[%clk 0:21:36]} Kg7 {[%clk 0:00:59]} 36. Ng4
{[%clk 0:21:49]} f3 {[%clk 0:00:34]} 37. Qxf7+ {[%clk 0:22:08]} 1-0

[Event "6th Ferdowsi International Chess Open Tournament"]
[Site "Mashhad"]
[Date "2016.02.02"]
[Round "6"]
[Board "4"]
[White "Molaei, Mohammadamin"]
[Black "Guseinov, Gadir"]
[Result "0-1"]
[WhiteElo "2230"]
[BlackElo "2646"]
[PlyCount "0"]
[EventDate "2016.01.29"]
[EventRounds "9"]
[EventCountry "IRI"]

1. d4 {[%clk 1:31:09]} g6 {[%clk 1:23:58]} 2. c4 {[%clk 1:31:09]} Bg7
{[%clk 1:24:22]} 3. Nc3 {[%clk 1:30:46]} d6 {[%clk 1:24:38]} 4. Nf3
{[%clk 1:30:57]} Nd7 {[%clk 1:24:16]} 5. e4 {[%clk 1:30:47]} e5 {[%clk 1:24:00]}
6. Be2 {[%clk 1:30:27]} Ngf6 {[%clk 1:24:22]} 7. O-O {[%clk 1:30:06]} O-O
{[%clk 1:24:44]} 8. Be3 {[%clk 1:30:10]} Qe7 {[%clk 1:22:31]} 9. d5
{[%clk 1:25:28]} Ng4 {[%clk 1:18:04]} 10. Bg5 {[%clk 1:24:49]} f6
{[%clk 1:18:27]} 11. Bd2 {[%clk 1:24:55]} f5 {[%clk 1:17:04]} 12. Ng5
{[%clk 1:21:07]} Ndf6 {[%clk 1:16:54]} 13. exf5 {[%clk 1:17:49]} gxf5
{[%clk 1:16:32]} 14. f3 {[%clk 1:15:20]} Nh6 {[%clk 1:15:29]} 15. Qc2
{[%clk 1:13:40]} Nh5 {[%clk 1:08:33]} 16. g3 {[%clk 1:01:03]} Nf6
{[%clk 0:52:56]} 17. Bd3 {[%clk 0:56:19]} c6 {[%clk 0:46:53]} 18. Rae1
{[%clk 0:50:32]} Kh8 {[%clk 0:43:22]} 19. Rf2 {[%clk 0:43:06]} Qe8
{[%clk 0:40:33]} 20. g4 {[%clk 0:30:00]} b5 {[%clk 0:30:21]} 21. Ne6
{[%clk 0:26:40]} Bxe6 {[%clk 0:25:19]} 22. g5 {[%clk 0:26:46]} cxd5
{[%clk 0:22:46]} 23. gxh6 {[%clk 0:25:31]} Bxh6 {[%clk 0:23:05]} 24. Bxh6
{[%clk 0:23:02]} Qg6+ {[%clk 0:23:25]} 25. Rg2 {[%clk 0:23:02]} Qxh6
{[%clk 0:23:50]} 26. cxd5 {[%clk 0:22:03]} Nxd5 {[%clk 0:22:50]} 27. Bxb5
{[%clk 0:21:39]} Nf4 {[%clk 0:22:18]} 28. Rg3 {[%clk 0:19:44]} Rg8
{[%clk 0:22:33]} 29. Ne2 {[%clk 0:18:15]} Nh3+ {[%clk 0:22:01]} 30. Kh1
{[%clk 0:17:45]} f4 {[%clk 0:22:08]} 31. Rxg8+ {[%clk 0:18:01]} Rxg8
{[%clk 0:22:29]} 32. Ng1 {[%clk 0:16:54]} Qh4 {[%clk 0:22:30]} 0-1

[Event "6th Ferdowsi International Chess Open Tournament"]
[Site "Mashhad"]
[Date "2016.02.02"]
[Round "6"]
[Board "5"]
[White "Tiviakov, Sergei"]
[Black "Rahimian, Rastin"]
[Result "1-0"]
[WhiteElo "2611"]
[BlackElo "2130"]
[PlyCount "0"]
[EventDate "2016.01.29"]
[EventRounds "9"]
[EventCountry "IRI"]

1. e4 {[%clk 1:30:56]} c5 {[%clk 1:30:36]} 2. c3 {[%clk 1:31:22]} Nf6
{[%clk 1:30:35]} 3. e5 {[%clk 1:31:45]} Nd5 {[%clk 1:31:01]} 4. Nf3
{[%clk 1:32:11]} e6 {[%clk 1:30:37]} 5. Bc4 {[%clk 1:32:34]} d6 {[%clk 1:28:37]}
6. exd6 {[%clk 1:32:55]} Bxd6 {[%clk 1:27:39]} 7. d4 {[%clk 1:32:51]} O-O
{[%clk 1:27:00]} 8. dxc5 {[%clk 1:33:17]} Bxc5 {[%clk 1:27:09]} 9. O-O
{[%clk 1:33:41]} Nc6 {[%clk 1:22:13]} 10. Nbd2 {[%clk 1:33:54]} Nf6
{[%clk 1:13:05]} 11. Qe2 {[%clk 1:34:07]} b6 {[%clk 1:10:26]} 12. Ne4
{[%clk 1:32:15]} Be7 {[%clk 1:05:34]} 13. Nxf6+ {[%clk 1:22:10]} Bxf6
{[%clk 1:05:49]} 14. Bf4 {[%clk 1:22:36]} Bb7 {[%clk 0:50:21]} 15. Rad1
{[%clk 1:21:51]} Qc8 {[%clk 0:47:25]} 16. Nd2 {[%clk 1:13:47]} Rd8
{[%clk 0:40:11]} 17. Bd3 {[%clk 1:07:51]} Ne7 {[%clk 0:35:22]} 18. Ne4
{[%clk 1:06:47]} Nd5 {[%clk 0:33:40]} 19. Nxf6+ {[%clk 1:06:41]} Nxf6
{[%clk 0:33:59]} 20. c4 {[%clk 1:03:11]} Qc5 {[%clk 0:29:36]} 21. b3
{[%clk 1:00:37]} Qh5 {[%clk 0:20:24]} 22. Qxh5 {[%clk 0:58:43]} Nxh5
{[%clk 0:20:49]} 23. Bc7 {[%clk 0:58:32]} Re8 {[%clk 0:19:24]} 24. Be2
{[%clk 0:58:37]} Nf6 {[%clk 0:19:36]} 25. Be5 {[%clk 0:59:01]} Rad8
{[%clk 0:19:08]} 26. f3 {[%clk 0:58:51]} Bc6 {[%clk 0:16:41]} 27. Rxd8
{[%clk 0:58:28]} Rxd8 {[%clk 0:17:05]} 28. Rd1 {[%clk 0:58:52]} Rxd1+
{[%clk 0:16:54]} 29. Bxd1 {[%clk 0:59:20]} Nd7 {[%clk 0:17:06]} 30. Bd6
{[%clk 0:58:18]} a5 {[%clk 0:12:27]} 31. Kf2 {[%clk 0:57:21]} e5 {[%clk 0:11:17]}
32. Bc2 {[%clk 0:53:07]} g6 {[%clk 0:11:23]} 33. Ke3 {[%clk 0:49:29]} f5
{[%clk 0:10:44]} 34. g3 {[%clk 0:49:08]} Kf7 {[%clk 0:10:52]} 35. f4
{[%clk 0:49:13]} exf4+ {[%clk 0:10:03]} 36. Bxf4 {[%clk 0:45:18]} Kf6
{[%clk 0:08:21]} 37. Bc7 {[%clk 0:45:39]} h6 {[%clk 0:06:05]} 38. h4
{[%clk 0:38:33]} Bg2 {[%clk 0:03:59]} 39. Kd4 {[%clk 0:38:00]} Bf3
{[%clk 0:03:40]} 40. Ke3 {[%clk 0:34:23]} Bc6 {[%clk 0:03:53]} 41. Bd3
{[%clk 0:34:42]} Bb7 {[%clk 0:03:32]} 42. Be2 {[%clk 0:32:45]} Bc6
{[%clk 0:02:00]} 43. Bf4 {[%clk 0:28:35]} g5 {[%clk 0:01:51]} 44. Bc7
{[%clk 0:28:59]} Be4 {[%clk 0:02:10]} 45. Kd4 {[%clk 0:28:14]} Bb1
{[%clk 0:01:54]} 46. a3 {[%clk 0:27:50]} g4 {[%clk 0:01:30]} 47. b4
{[%clk 0:25:44]} axb4 {[%clk 0:01:56]} 48. axb4 {[%clk 0:26:09]} h5
{[%clk 0:02:07]} 49. Bd1 {[%clk 0:25:29]} Be4 {[%clk 0:01:19]} 50. Ba4
{[%clk 0:25:50]} Ke7 {[%clk 0:01:28]} 51. Bxd7 {[%clk 0:24:16]} Kxd7
{[%clk 0:01:57]} 52. Bxb6 {[%clk 0:24:39]} Kc6 {[%clk 0:01:10]} 53. Bd8
{[%clk 0:24:59]} Kd7 {[%clk 0:01:26]} 54. Bg5 {[%clk 0:25:23]} Kc6
{[%clk 0:01:32]} 55. b5+ {[%clk 0:25:06]} Kd6 {[%clk 0:01:54]} 56. c5+
{[%clk 0:25:30]} Ke6 {[%clk 0:02:12]} 57. c6 {[%clk 0:25:51]} Kd6
{[%clk 0:01:33]} 58. Bf4+ {[%clk 0:26:14]} Kd5+ 59. Kxe4+ 1-0

[Event "6th Ferdowsi International Chess Open Tournament"]
[Site "Mashhad"]
[Date "2016.02.02"]
[Round "6"]
[Board "6"]
[White "Gholami Orimi, Mahdi"]
[Black "Gagunashvili, Merab"]
[Result "0-1"]
[WhiteElo "2226"]
[BlackElo "2541"]
[PlyCount "0"]
[EventDate "2016.01.29"]
[EventRounds "9"]
[EventCountry "IRI"]

1. d4 {[%clk 1:30:53]} Nf6 {[%clk 1:30:48]} 2. c4 {[%clk 1:31:19]} e6
{[%clk 1:31:02]} 3. Nc3 {[%clk 1:31:35]} Bb4 {[%clk 1:31:25]} 4. Qc2
{[%clk 1:31:59]} O-O {[%clk 1:31:33]} 5. a3 {[%clk 1:31:41]} Bxc3+
{[%clk 1:31:57]} 6. Qxc3 {[%clk 1:32:03]} d6 {[%clk 1:32:20]} 7. Bg5
{[%clk 1:27:48]} Nbd7 {[%clk 1:32:34]} 8. e3 {[%clk 1:27:01]} b6 {[%clk 1:32:56]}
9. Ne2 {[%clk 1:26:51]} c5 {[%clk 1:32:39]} 10. Rd1 {[%clk 1:27:06]} Qc7
{[%clk 1:31:49]} 11. Qc2 {[%clk 1:25:07]} cxd4 {[%clk 1:21:05]} 12. Rxd4
{[%clk 1:09:00]} e5 {[%clk 1:16:25]} 13. Rd2 {[%clk 1:08:57]} Ba6
{[%clk 1:14:23]} 14. Nc3 {[%clk 1:08:39]} h6 {[%clk 1:00:32]} 15. Bxf6
{[%clk 1:01:12]} Nxf6 {[%clk 1:00:54]} 16. Qa4 {[%clk 0:58:26]} Bb7
{[%clk 0:59:22]} 17. Nb5 {[%clk 0:50:48]} Qd7 {[%clk 0:58:48]} 18. Rxd6
{[%clk 0:41:27]} Qf5 {[%clk 0:58:34]} 19. Nc3 {[%clk 0:28:09]} Rad8
{[%clk 0:53:55]} 20. Nb1 Ra8 0-1